El Palau Güell / Antoni González ... [et al.] ; fotògraf: Ramon Manent Ramon Manent
ISBN:
84-7794-790-2
Descripción Física:
259 p. : il. ; 31 cm
MARC
| LEADER | 00000nam a2200000Ia 4500 | ||
|---|---|---|---|
| 001 | 13555 | ||
| 008 | 160829s2001 xx 000 0 cat d | ||
| 020 | |a 84-7794-790-2 | ||
| 080 | |a FOL-2-108 | ||
| 245 | |a El Palau Güell / Antoni González ... [et al.] ; fotògraf: |b Ramon Manent | ||
| 250 | |a 2a ed., rev. i amp. | ||
| 260 | |a Barcelona : |b Institut d'Edicions de la Diputació de Barcelona, |c 2001 | ||
| 300 | |a 259 p. : |b il. ; |c 31 cm | ||
| 590 | |a Existeix una edició en castellà i en anglès. | ||
| 590 | |a Bibliografia. | ||
| 590 | |a Índex | ||
| 600 | 1 | 0 | |a Gaudí, Antoni, |d 1852-1926 |9 51678 |
| 610 | 2 | 0 | |a Palau Güell (Barcelona) |9 17034 |
| 650 | 0 | |a Modernisme (Arquitectura) |z Barcelona (Catalunya) |9 38366 | |
| 650 | 0 | |a Palaus |z Catalunya |9 29887 | |
| 700 | 1 | |a González, Antoni, |d 1943- |9 26020 | |
| 700 | |a Manent, Ramon, |d 1948- |e fotògraf |9 39599 | ||
| 710 | 1 | |a Barcelona (Catalunya : Província). |b Diputació |9 52408 | |
| 901 | |a Arxiu | ||
| 942 | |n 1 |2 udc | ||
| 952 | |0 0 |1 0 |4 0 |6 FOL2108 |7 1 |9 45515 |a Arxiu |b Arxiu |d 2016-12-01 |l 0 |o FOL-2-108 |p 13555 |r 2016-12-01 00:00:00 |w 2016-12-01 |y ARXIU | ||
| 999 | |c 48680 |d 48680 | ||